Homophone Spelling Click Quiz - 2 - Statistics

General Stats
  • This quiz has been taken 283 times
  • The average score is 18 of 25
Answer Stats
Hint Answer % Correct
Orange root vegetable Carrot
85%
Large deer with flat antlers Moose
85%
Sweet, light desert Mousse
85%
Set of two things Pair
85%
Small stream or river Creek
84%
Curved piece of wire on which clothes are hung Hanger
83%
Foot-operated lever used to control a machine Pedal
83%
Strong, unpleasant smell Reek
83%
Unit of mass for precious stones Carat
81%
Sweet, juicy fruit which is narrow near its stalk Pear
80%
Squeaking sound made when something is moved Creak
78%
Shelter for housing aircraft Hangar
78%
Unlawful Illicit
77%
Simple in style Plain
75%
Artist's tool for holding paint Palette
74%
Roof of the mouth Palate
68%
Cause something to happen in a violent way Wreak
66%
Obtain information or a reaction Elicit
65%
Wooden structure on which heavy goods are loaded Pallet
65%
Travel around selling goods from door to door Peddle
65%
Trim the outer layer Pare
64%
Careful not to cause embarrassment Discreet
62%
Separate and distinct Discrete
56%
Mark showing where to add something to text Caret
54%
Tool for smoothing wood Plane
52%
No matching quizzes found
Score Distribution
Percent of People with Each Score
Percentile by Number Answered
Your Score History
You have not taken this quiz